000 01425nam a22002417a 4500
008 171104s2002 it||||| |||| 00| 0 eng d
020 _a0971341109
082 0 4 _a708
_bP796r
100 1 _aFranzen, Elizabeth.
_96098
245 1 0 _aRona Pondick :
_bworks 1986-2001 /
_cedición por Elizabeth Franzen.
250 _a1a edición.
260 _aItalia :
_bSonnabend Press,
_c2002.
300 _a158 páginas :
_bilustraciones en color.
500 _aCatálogo publicado con motivo a la exposición itinerante "Rona Pondick's lastest body of work", presentada en: -Galerie Thaddaeus Ropac en París, Francia -Sannabend Gallery, en Nueva York, Estados Unidos -Galleria d'Arte Moderna Bologna, en Italia -DeCordoba Museum, en Massachusetts, Estados Unidos -Groninger Museum, en Groningen, Nueva Zelanda.
505 0 _tIntroduction: beyond the order of things / Introduction: Au-delà de L'ordre des choses
_rSue-An Van Der Zijpp.
_tConsiderations about the work of Rona Pondick / À propos de Ronas Pondick
_rPeter Weiermair.
_tThe metamorphosis of an object maker: an interview with Rona Pondick / La métamorphose d'une fabricante d'objets: un entretien avec Rona Pondick
_rOctavio Zaya.
653 1 0 _aArte contemporáneo
653 1 0 _aCatálogo de exhibición
653 1 0 _aExhibiciones itinerantes
653 1 0 _aArte - Estados Unidos
653 1 0 _aBiografía artísticas
653 1 0 _aEscultura
653 1 0 _aInstalación
999 _c1360
_d1360